[Event "Laval op"]
[Site "Laval CAN"]
[Date "2018.06.23"]
[Round "3.17"]
[White "Lafleche, Alain"]
[Black "Page, Dany"]
[Result "0-1"]
[WhiteElo "1510"]
[BlackElo "1630"]
[PlyCount "116"]
[EventDate "2018.06.22"]
[EventType "swiss"]
[EventRounds "5"]
[EventCountry "CAN"]

1. e4 c5 2. Nf3 d6 3. d4 cxd4 4. Nxd4 Nf6 5. Nc3 a6 6. f3 e6 7. Be3 b5 8. Qd2
Bb7 9. O-O-O Nbd7 10. g4 Nb6 11. h4 Nfd7 12. Be2 Rc8 13. g5 Ne5 14. h5 b4 15.
Nb1 Nec4 16. Bxc4 Nxc4 17. Qf2 Nxe3 18. Qxe3 Qc7 19. Rh2 Be7 20. g6 hxg6 21. h6
Bf6 22. c3 bxc3 23. Nxc3 Qc5 24. h7 e5 25. Nc2 Qxe3+ 26. Nxe3 Bg5 27. Re1 Bh6
28. Kb1 Rxh7 29. a3 Kd7 30. Na4 Ke6 31. Nc3 Rhh8 32. Reh1 Rhd8 33. Ng4 Bg5 34.
Rh7 Bf6 35. Ne3 Bg5 36. Ng4 Bf6 37. Nd5 Bxd5 38. exd5+ Ke7 39. f4 Rc5 40. Rd1
Rdc8 41. Nxf6 gxf6 42. f5 g5 43. Rd3 Rb8 44. Rd2 Rbb5 45. Rh8 Rxd5 46. Rdh2 e4
47. Ra8 Rxf5 48. Rxa6 e3 49. Re2 Rbe5 50. Kc2 Rf2 51. Kd1 g4 52. Ra7+ Ke6 53.
Ra4 f5 54. Ra8 Kf6 55. Rh8 g3 56. Rg8 f4 57. Rh8 g2 58. Rg8 Rg5 0-1

[Event "Laval op"]
[Site "Laval CAN"]
[Date "2018.06.24"]
[Round "4.3"]
[White "Zhu, Hong Rui"]
[Black "Beaulieu, Eric"]
[Result "1/2-1/2"]
[WhiteElo "2293"]
[BlackElo "2125"]
[PlyCount "49"]
[EventDate "2018.06.22"]
[EventType "swiss"]
[EventRounds "5"]
[EventCountry "CAN"]

1. e4 c5 2. Ne2 e6 3. g3 d5 4. Bg2 dxe4 5. Nbc3 Nc6 6. O-O Nf6 7. Nxe4 Be7 8.
d3 Nd5 9. d4 cxd4 10. Nxd4 Nxd4 11. Qxd4 O-O 12. Rd1 Nb4 13. Qxd8 Rxd8 14. Bg5
f6 15. Rxd8+ Bxd8 16. Rd1 Be7 17. c3 Nd5 18. Bc1 Bd7 19. c4 Nb6 20. Nc3 Bc6 21.
Bxc6 bxc6 22. b3 Rd8 23. Rxd8+ Bxd8 24. Be3 Kf7 25. Kf1 1/2-1/2

[Event "Laval op"]
[Site "Laval CAN"]
[Date "2018.06.24"]
[Round "4.4"]
[White "Richard, Leo"]
[Black "Sakr, Nassim"]
[Result "1/2-1/2"]
[WhiteElo "1658"]
[BlackElo "2175"]
[PlyCount "62"]
[EventDate "2018.06.22"]
[EventType "swiss"]
[EventRounds "5"]
[EventCountry "CAN"]

1. Nf3 d6 2. d4 Nf6 3. Nc3 Nbd7 4. e4 e5 5. Bc4 h6 6. O-O Be7 7. h3 c6 8. Be3
O-O 9. dxe5 dxe5 10. a4 a5 11. Qe2 Qc7 12. Rad1 Nc5 13. Bxc5 Bxc5 14. Nh4 Kh7
15. Qf3 Be6 16. Bxe6 fxe6 17. Qe2 Rad8 18. Rxd8 Rxd8 19. Qc4 Qe7 20. Nf3 Nd7
21. Na2 Qd6 22. Nc1 Nf6 23. Nd3 Bd4 24. Nxd4 Qxd4 25. Qxe6 Qxa4 26. Qf5+ Kg8
27. Qe6+ Kh7 28. Qf5+ Kh8 29. Nxe5 Kg8 30. Qe6+ Kh7 31. Qf5+ Kg8 1/2-1/2

[Event "Laval op"]
[Site "Laval CAN"]
[Date "2018.06.24"]
[Round "4.5"]
[White "Huang, Qiuyu"]
[Black "Nunez-Painchaud, Raphael"]
[Result "1-0"]
[WhiteElo "2104"]
[BlackElo "1907"]
[PlyCount "65"]
[EventDate "2018.06.22"]
[EventType "swiss"]
[EventRounds "5"]
[EventCountry "CAN"]

1. e4 c5 2. Nf3 Nc6 3. d4 cxd4 4. Nxd4 g6 5. Nc3 Bg7 6. Be3 Nf6 7. Bc4 Qa5 8.
O-O O-O 9. Bb3 d6 10. h3 Bd7 11. Re1 Rac8 12. Nf3 b5 13. a3 a6 14. Nd5 Nxd5 15.
exd5 Ne5 16. Nxe5 Bxe5 17. Bd4 f6 18. c3 Rf7 19. Qd2 Qc7 20. Re2 Bxd4 21. Qxd4
Qc5 22. Qf4 Bf5 23. Rd1 Rc7 24. Rd4 Bc8 25. h4 a5 26. Bc2 Bb7 27. Red2 Rg7 28.
g3 Rc8 29. h5 gxh5 30. Bf5 Ra8 31. Qh6 b4 32. Qxh5 bxa3 33. Rg4 1-0

[Event "Laval op"]
[Site "Laval CAN"]
[Date "2018.06.24"]
[Round "4.6"]
[White "Zhong, Kevin"]
[Black "Sprumont, Oscar"]
[Result "0-1"]
[WhiteElo "1927"]
[BlackElo "2046"]
[PlyCount "72"]
[EventDate "2018.06.22"]
[EventType "swiss"]
[EventRounds "5"]
[EventCountry "CAN"]

1. e4 c5 2. Ne2 Nc6 3. Nbc3 e6 4. d4 cxd4 5. Nxd4 Qc7 6. Be2 a6 7. O-O Nf6 8.
Be3 Bb4 9. Nxc6 bxc6 10. Qd4 c5 11. Qd3 Bb7 12. f3 d5 13. exd5 exd5 14. Bg5
Bxc3 15. bxc3 Qe5 16. f4 Qe4 17. Bxf6 Qxd3 18. cxd3 gxf6 19. Rab1 Bc6 20. Bf3
Kd7 21. Kf2 Rab8 22. Ke3 Rb5 23. Kd2 Kd6 24. c4 dxc4 25. Bxc6 Kxc6 26. dxc4 Rb4
27. Kc3 Rhb8 28. Rb3 a5 29. Rfb1 Re8 30. Rxb4 axb4+ 31. Kd3 Ra8 32. Rb2 Ra3+
33. Kd2 Kd6 34. Rc2 Ke6 35. g4 f5 36. g5 Rf3 0-1

[Event "Laval op"]
[Site "Laval CAN"]
[Date "2018.06.24"]
[Round "4.7"]
[White "Tanaka, Tyler"]
[Black "Durette, Francis"]
[Result "1/2-1/2"]
[WhiteElo "2038"]
[BlackElo "2031"]
[PlyCount "33"]
[EventDate "2018.06.22"]
[EventType "swiss"]
[EventRounds "5"]
[EventCountry "CAN"]

1. e4 b6 2. d4 Bb7 3. Bd3 e6 4. Nf3 Nf6 5. Qe2 d5 6. e5 Nfd7 7. O-O c5 8. c3
Be7 9. Be3 O-O 10. Nbd2 Nc6 11. Ne1 f5 12. exf6 Bxf6 13. Qh5 g6 14. Bxg6 hxg6
15. Qxg6+ Kh8 16. Qh6+ Kg8 17. Qg6+ 1/2-1/2

[Event "Laval op"]
[Site "Laval CAN"]
[Date "2018.06.24"]
[Round "4.8"]
[White "Zheng, Richard"]
[Black "Gauthier, Denis"]
[Result "1/2-1/2"]
[WhiteElo "1991"]
[BlackElo "1791"]
[PlyCount "117"]
[EventDate "2018.06.22"]
[EventType "swiss"]
[EventRounds "5"]
[EventCountry "CAN"]

1. d4 Nf6 2. c4 e6 3. Nc3 Bb4 4. Qc2 O-O 5. a3 Bxc3+ 6. Qxc3 b5 7. cxb5 c6 8.
f3 Bb7 9. bxc6 Nxc6 10. Bg5 Rc8 11. Bxf6 Qxf6 12. e3 e5 13. dxe5 Nxe5 14. Qd2
Qh4+ 15. Qf2 Qa4 16. Be2 Rc2 17. Qg3 Re8 18. Rd1 Rxb2 19. Qf4 Qxa3 20. Qd4 Bc6
21. Nh3 Rb4 22. Qd2 Nc4 23. Bxc4 Rxc4 24. O-O Qxe3+ 25. Qxe3 Rxe3 26. Ra1 Ra4
27. Rxa4 Bxa4 28. Ra1 Bc6 29. Rxa7 Kf8 30. Kf2 Rb3 31. Ra2 h6 32. Nf4 Rb4 33.
Nd3 Rb5 34. Ke3 Ke7 35. f4 f6 36. g3 Rb1 37. Rd2 Rg1 38. Nb4 Bb7 39. Kd4 Rg2
40. Rxg2 Bxg2 41. Nc2 g6 42. Ne3 Bf3 43. h4 Ke6 44. Kc5 Be2 45. Kd4 Kd6 46. Nd5
Ke6 47. Ne3 Bf3 48. Kc5 g5 49. Kd4 gxh4 50. gxh4 Be2 51. Kc5 Bf3 52. Kd4 Be2
53. Kc5 d6+ 54. Kd4 f5 55. Nd5 Bf3 56. Ne3 Kf6 57. Nf1 Kg6 58. Ng3 Bg2 59. Kc4
1/2-1/2

[Event "Laval op"]
[Site "Laval CAN"]
[Date "2018.06.24"]
[Round "4.9"]
[White "Nikulich, Oleksandr"]
[Black "Tinica, Gabriel"]
[Result "1-0"]
[WhiteElo "1982"]
[BlackElo "1635"]
[PlyCount "45"]
[EventDate "2018.06.22"]
[EventType "swiss"]
[EventRounds "5"]
[EventCountry "CAN"]

1. d4 Nf6 2. c4 g6 3. Nc3 Bg7 4. Nf3 O-O 5. Bg5 d6 6. e3 Nbd7 7. Be2 h6 8. Bh4
e5 9. Qc2 c6 10. O-O Qe8 11. dxe5 dxe5 12. Nd2 Nb6 13. Nce4 Nxe4 14. Nxe4 Bf5
15. g4 Bxe4 16. Qxe4 f5 17. gxf5 gxf5 18. Qg2 e4 19. Kh1 Qe5 20. Rg1 Kh8 21.
Rad1 Rg8 22. Qg6 Nc8 23. Rd7 1-0

[Event "Laval op"]
[Site "Laval CAN"]
[Date "2018.06.24"]
[Round "4.10"]
[White "Deschamps, Martin"]
[Black "Lesage, Philippe"]
[Result "0-1"]
[WhiteElo "1869"]
[BlackElo "1779"]
[PlyCount "74"]
[EventDate "2018.06.22"]
[EventType "swiss"]
[EventRounds "5"]
[EventCountry "CAN"]

1. e4 c5 2. c4 Nc6 3. Nc3 g6 4. g3 Bg7 5. Nge2 Ne5 6. Nf4 d6 7. d3 Bg4 8. Be2
Bxe2 9. Qxe2 e6 10. O-O Ne7 11. Nh3 N5c6 12. Be3 Nd4 13. Qd1 O-O 14. f4 Qd7 15.
Ng5 a6 16. Nf3 b5 17. Bxd4 cxd4 18. Ne2 bxc4 19. dxc4 Rab8 20. Rb1 Qc6 21. Qd3
e5 22. b3 f5 23. Nd2 Rbd8 24. Rbe1 fxe4 25. Qxe4 Qxe4 26. Nxe4 Nf5 27. Ng5 Rfe8
28. Nc1 Ne3 29. Rf2 e4 30. Rd2 h6 31. Nh3 Nf5 32. Rdd1 d3 33. Nxd3 exd3 34.
Rxe8+ Rxe8 35. Rxd3 Bd4+ 36. Kg2 Re2+ 37. Kf3 Rxh2 0-1

[Event "Laval op"]
[Site "Laval CAN"]
[Date "2018.06.24"]
[Round "4.11"]
[White "Joanis, Marc-Andre"]
[Black "Couture, Jonathan"]
[Result "1/2-1/2"]
[WhiteElo "1783"]
[BlackElo "1926"]
[PlyCount "119"]
[EventDate "2018.06.22"]
[EventType "swiss"]
[EventRounds "5"]
[EventCountry "CAN"]

1. Nf3 g6 2. c4 Bg7 3. g3 d6 4. d4 Nd7 5. Bg2 e5 6. O-O Ne7 7. Nc3 O-O 8. e4
Nb6 9. dxe5 Nxc4 10. exd6 Nxd6 11. Bg5 h6 12. Bf4 Be6 13. Qc1 g5 14. Bxd6 cxd6
15. Qd2 Qb6 16. Rfd1 Rfd8 17. h3 g4 18. hxg4 Bxg4 19. Re1 Rac8 20. Rac1 Qa5 21.
Nd5 Qxd2 22. Nxe7+ Kf8 23. Nxd2 Kxe7 24. Nc4 Bd4 25. e5 d5 26. Nd6 Rxc1 27.
Rxc1 Bxb2 28. Rc7+ Rd7 29. Rxd7+ Bxd7 30. Bxd5 Bxe5 31. Nxb7 f5 32. Nc5 Bc8 33.
Nd3 Bd4 34. Kg2 Kd6 35. Bb3 a5 36. Kf3 Ba6 37. Nf4 Bb5 38. Ne2 Bb2 39. Ke3 a4
40. Bc2 Ke5 41. f4+ Kf6 42. Nd4 Bc1+ 43. Kf3 Bd7 44. Ke2 a3 45. Kd3 Kg6 46. Ke2
Bb2 47. Kd3 h5 48. Ke3 h4 49. gxh4 Kh5 50. Nxf5 Kg4 51. Nd4 Bc1+ 52. Kd3 Bxf4
53. Bb3 Kxh4 54. Be6 Be8 55. Nc2 Bc1 56. Kc4 Ba4 57. Bf5 Kg5 58. Bd3 Kf4 59.
Kb4 Bxc2 60. Bxc2 1/2-1/2

[Event "Laval op"]
[Site "Laval CAN"]
[Date "2018.06.24"]
[Round "4.12"]
[White "Chang, Alexander RZ"]
[Black "Gonzalez, Daniel"]
[Result "1-0"]
[WhiteElo "1567"]
[BlackElo "1833"]
[PlyCount "65"]
[EventDate "2018.06.22"]
[EventType "swiss"]
[EventRounds "5"]
[EventCountry "CAN"]

1. e4 Nf6 2. e5 Nd5 3. c4 Nb6 4. d4 d6 5. exd6 exd6 6. Nf3 Nc6 7. Nc3 Bg4 8.
Be3 Be7 9. b3 O-O 10. Be2 Re8 11. O-O Bf8 12. h3 Bxf3 13. Bxf3 g6 14. Qd2 Bg7
15. Rae1 Rb8 16. Bg5 f6 17. Bh4 Rxe1 18. Rxe1 Ne7 19. Bg4 g5 20. Bg3 Nbc8 21.
Qe2 Kf8 22. Qe6 a6 23. Bh5 Ng6 24. Nd5 Na7 25. Nxc7 Nc8 26. Qe8+ Qxe8 27. Rxe8+
Kf7 28. Bxd6 f5 29. Bxg6+ hxg6 30. Be5 Bxe5 31. dxe5 a5 32. e6+ Kf6 33. Nd5+
1-0

[Event "Laval op"]
[Site "Laval CAN"]
[Date "2018.06.24"]
[Round "4.13"]
[White "Baran, Marius"]
[Black "Steinberg, Ellis"]
[Result "1/2-1/2"]
[WhiteElo "1823"]
[BlackElo "1699"]
[PlyCount "159"]
[EventDate "2018.06.22"]
[EventType "swiss"]
[EventRounds "5"]
[EventCountry "CAN"]

1. e4 g6 2. d4 d6 3. f4 d5 4. Nc3 dxe4 5. Nxe4 Bg7 6. c3 Nf6 7. Nxf6+ Bxf6 8.
Nf3 Bf5 9. Be3 O-O 10. Bd3 Bxd3 11. Qxd3 Re8 12. O-O-O e6 13. Kb1 Qd5 14. h3
Qf5 15. g4 Qxd3+ 16. Rxd3 Nd7 17. h4 Rad8 18. g5 Bg7 19. h5 Nc5 20. Rdd1 Ne4
21. hxg6 hxg6 22. Kc2 Ng3 23. Rh3 Nf5 24. Nh2 Kf8 25. Ng4 Ke7 26. Rdh1 Rh8 27.
Bf2 Rxh3 28. Rxh3 Rh8 29. Rxh8 Bxh8 30. Kd3 Bg7 31. a4 c6 32. c4 a6 33. b3 Kd7
34. Ne5+ Bxe5 35. fxe5 b5 36. Ke4 Ne7 37. Be1 bxa4 38. bxa4 Nc8 39. a5 Ne7 40.
Bb4 Nf5 41. Bc5 Ng3+ 42. Kd3 Nh5 43. Bb4 Ng3 44. Be1 Nf5 45. Bf2 Ne7 46. Kc3 c5
47. Kd3 Nc6 48. Be1 Nxd4 49. Ke4 Kc6 50. Bc3 Nf5 51. Be1 Ne7 52. Bf2 Nf5 53.
Be1 Nd4 54. Bc3 Ne2 55. Bd2 Ng3+ 56. Kf3 Nf5 57. Ke4 Kd7 58. Be3 Kc6 59. Bf2
Ne7 60. Be3 Nc8 61. Bf2 Na7 62. Be3 Nc8 63. Bf2 Ne7 64. Be3 Nc8 65. Bf2 Ne7 66.
Be3 Nd5 67. cxd5+ exd5+ 68. Kd3 Kb5 69. Bd2 Ka4 70. Be1 Kb3 71. Bc3 Ka4 72. Be1
Kb3 73. Bf2 Kb4 74. Be1+ Kb3 75. Bc3 Ka4 76. Bd2 Kb3 77. Be3 Kb4 78. Bd2+ Kb3
79. Be1 Ka4 80. Bd2 1/2-1/2

[Event "Laval op"]
[Site "Laval CAN"]
[Date "2018.06.24"]
[Round "4.15"]
[White "Vignalou, Joseph"]
[Black "Gauthier, Luc"]
[Result "1-0"]
[WhiteElo "1756"]
[BlackElo "1581"]
[PlyCount "63"]
[EventDate "2018.06.22"]
[EventType "swiss"]
[EventRounds "5"]
[EventCountry "CAN"]

1. e4 Nf6 2. Nc3 d5 3. e5 d4 4. exf6 dxc3 5. fxg7 cxd2+ 6. Qxd2 Qxd2+ 7. Bxd2
Bxg7 8. O-O-O Bf5 9. Ne2 Nd7 10. Bc3 Bxc3 11. Nxc3 c6 12. Bd3 Bxd3 13. Rxd3
O-O-O 14. Rhd1 Nf6 15. Rxd8+ Rxd8 16. Rxd8+ Kxd8 17. Kd2 Kd7 18. h3 h5 19. Ke3
e5 20. g3 Ke6 21. f4 Nd5+ 22. Nxd5 cxd5 23. fxe5 Kxe5 24. c3 f5 25. b3 b5 26.
a4 bxa4 27. bxa4 a6 28. a5 Ke6 29. Kd4 h4 30. gxh4 f4 31. Kd3 Kf5 32. Ke2 1-0

[Event "Laval op"]
[Site "Laval CAN"]
[Date "2018.06.24"]
[Round "4.16"]
[White "Abbas, Talal"]
[Black "Lafleche, Alain"]
[Result "1-0"]
[WhiteElo "1914"]
[BlackElo "1510"]
[PlyCount "95"]
[EventDate "2018.06.22"]
[EventType "swiss"]
[EventRounds "5"]
[EventCountry "CAN"]

1. e4 e5 2. Nf3 Nc6 3. Bc4 Bc5 4. c3 Nf6 5. O-O a6 6. d4 exd4 7. e5 d5 8. Bb3
Ne4 9. cxd4 Ba7 10. h3 Be6 11. Nc3 Na5 12. Bc2 Nxc3 13. bxc3 Nc4 14. Rb1 Rb8
15. Ng5 Qd7 16. Nxe6 Qxe6 17. f4 O-O 18. Kh1 f5 19. g4 Qh6 20. Kg2 g6 21. Qf3
c6 22. Bd3 b5 23. gxf5 gxf5 24. Kh2 Kh8 25. Rg1 Rb7 26. Bxc4 dxc4 27. Ba3 Rff7
28. Rg5 Qe6 29. Bd6 Bb8 30. Rbg1 Rfd7 31. Qxc6 Qe8 32. Rg8+ Qxg8 33. Rxg8+ Kxg8
34. Bxb8 b4 35. Qxc4+ Kg7 36. Bd6 a5 37. cxb4 axb4 38. Bxb4 Rdc7 39. Bc5 Rb2+
40. Kg3 Kh8 41. Qe6 Rg7+ 42. Kh4 Rg6 43. Qe8+ Rg8 44. Qf7 Rg6 45. Qf8+ Rg8 46.
Qxf5 Rbg2 47. Qf6+ R2g7 48. Bf8 1-0

[Event "Laval op"]
[Site "Laval CAN"]
[Date "2018.06.24"]
[Round "5.3"]
[White "Sprumont, Oscar"]
[Black "Huang, Qiuyu"]
[Result "1/2-1/2"]
[WhiteElo "2046"]
[BlackElo "2104"]
[PlyCount "68"]
[EventDate "2018.06.22"]
[EventType "swiss"]
[EventRounds "5"]
[EventCountry "CAN"]

1. Nf3 d5 2. c4 e6 3. g3 Nf6 4. Bg2 Be7 5. O-O O-O 6. b3 d4 7. Bb2 c5 8. b4 a6
9. d3 Nc6 10. bxc5 Bxc5 11. Nbd2 e5 12. Nb3 Ba7 13. Ba3 Re8 14. Nfd2 a5 15. Rb1
Bf5 16. Nc5 Bxc5 17. Bxc5 Qd7 18. Qb3 Rab8 19. Rfd1 e4 20. dxe4 Nxe4 21. Nxe4
Bxe4 22. Bxe4 Rxe4 23. e3 b6 24. Bxb6 Qf5 25. Qb5 Ne5 26. Qd5 Re8 27. Bxd4 Nf3+
28. Kg2 Qg4 29. Bc3 Nh4+ 30. Kf1 Nf3 31. Rb7 Nxh2+ 32. Kg1 Nf3+ 33. Kf1 Nh2+
34. Kg1 Nf3+ 1/2-1/2

[Event "Laval op"]
[Site "Laval CAN"]
[Date "2018.06.24"]
[Round "5.4"]
[White "Durette, Francis"]
[Black "Zhu, Hong Rui"]
[Result "1/2-1/2"]
[WhiteElo "2031"]
[BlackElo "2293"]
[PlyCount "50"]
[EventDate "2018.06.22"]
[EventType "swiss"]
[EventRounds "5"]
[EventCountry "CAN"]

1. c4 c5 2. Nc3 Nc6 3. g3 g6 4. Bg2 Bg7 5. e4 e6 6. Nge2 Nge7 7. d3 O-O 8. O-O
a6 9. Be3 Nd4 10. Rb1 Nec6 11. a3 a5 12. f4 d6 13. Kh1 Rb8 14. Bxd4 Nxd4 15.
Nxd4 cxd4 16. Nb5 e5 17. f5 Bd7 18. Nxd6 Qb6 19. Nb5 Bxb5 20. Qb3 Qc5 21. cxb5
Bh6 22. Rf2 Rbc8 23. Bh3 Be3 24. Re2 Rc7 25. Rf1 Kg7 1/2-1/2

[Event "Laval op"]
[Site "Laval CAN"]
[Date "2018.06.24"]
[Round "5.6"]
[White "Zhong, Kevin"]
[Black "Nikulich, Oleksandr"]
[Result "1/2-1/2"]
[WhiteElo "1927"]
[BlackElo "1982"]
[PlyCount "88"]
[EventDate "2018.06.22"]
[EventType "swiss"]
[EventRounds "5"]
[EventCountry "CAN"]

1. e4 e5 2. Nf3 Nc6 3. Bc4 Bc5 4. c3 Nf6 5. d3 O-O 6. O-O h6 7. Bb3 d6 8. Nbd2
Qe7 9. h3 Nd8 10. Re1 c6 11. Nf1 Bb6 12. Ng3 Be6 13. Bc2 Kh8 14. d4 Bc7 15. Nh4
Ng8 16. Nhf5 Bxf5 17. Nxf5 Qf6 18. d5 Ne7 19. Ne3 c5 20. Ng4 Qg6 21. f4 f6 22.
f5 Qh7 23. Nh2 Nf7 24. g4 g5 25. Nf3 Kg7 26. Kf2 h5 27. Kg2 hxg4 28. hxg4 Rh8
29. Rh1 Qxh1+ 30. Qxh1 Rxh1 31. Kxh1 Rh8+ 32. Kg2 Nc8 33. Be3 Nb6 34. Nd2 Rh4
35. Bd1 Bd8 36. Bf2 Rh8 37. a4 Kf8 38. a5 Nc8 39. b4 b6 40. axb6 Bxb6 41. Nc4
Ke7 42. Nxb6 axb6 43. Be2 Kd7 44. Ra8 Kc7 1/2-1/2

[Event "Laval op"]
[Site "Laval CAN"]
[Date "2018.06.24"]
[Round "5.7"]
[White "Gauthier, Denis"]
[Black "Tanaka, Tyler"]
[Result "0-1"]
[WhiteElo "1791"]
[BlackElo "2038"]
[PlyCount "88"]
[EventDate "2018.06.22"]
[EventType "swiss"]
[EventRounds "5"]
[EventCountry "CAN"]

1. d4 Nf6 2. c4 g6 3. Nc3 Bg7 4. Nf3 O-O 5. Bf4 d6 6. h3 Nbd7 7. e3 c6 8. Be2
a6 9. a4 a5 10. O-O Qb6 11. Qc2 Re8 12. Rfe1 Nh5 13. Bh2 e5 14. c5 dxc5 15.
dxe5 Nxe5 16. Nxe5 Bxe5 17. Bxh5 gxh5 18. Bxe5 Rxe5 19. f4 Re6 20. f5 Re5 21.
e4 f6 22. Rad1 Qc7 23. Qd2 b6 24. Qh6 Qe7 25. Rf1 Ba6 26. Rf3 Qf8 27. Rg3+ Kh8
28. Qxh5 Qe7 29. Qg4 Bc4 30. Qf4 Rg8 31. Rxg8+ Kxg8 32. Qd2 b5 33. axb5 cxb5
34. Nd5 Qd8 35. Qh6 Bxd5 36. exd5 Rxd5 37. Rxd5 Qxd5 38. Qxf6 Qd4+ 39. Qxd4
cxd4 40. Kf2 a4 41. Ke2 b4 42. Kd3 a3 43. bxa3 bxa3 44. Kc2 d3+ 0-1

[Event "Laval op"]
[Site "Laval CAN"]
[Date "2018.06.24"]
[Round "5.8"]
[White "Lesage, Philippe"]
[Black "Zheng, Richard"]
[Result "0-1"]
[WhiteElo "1779"]
[BlackElo "1991"]
[PlyCount "74"]
[EventDate "2018.06.22"]
[EventType "swiss"]
[EventRounds "5"]
[EventCountry "CAN"]

1. c4 Nf6 2. Nf3 c6 3. g3 d5 4. Bg2 e6 5. O-O Bd6 6. d4 Nbd7 7. Nbd2 O-O 8. Qc2
Qe7 9. e4 dxe4 10. Nxe4 Nxe4 11. Qxe4 Nf6 12. Qc2 Bd7 13. Ne5 c5 14. Nxd7 Qxd7
15. Rd1 Qe7 16. Bg5 h6 17. Bxf6 Qxf6 18. d5 e5 19. b3 Qe7 20. Be4 Kh8 21. Re1
g6 22. Bg2 f5 23. a3 Qf6 24. Re2 Kg7 25. Rae1 g5 26. Kh1 Rae8 27. b4 b6 28. b5
h5 29. Qc3 Re7 30. a4 Rh8 31. f4 e4 32. Qxf6+ Kxf6 33. Rf1 h4 34. fxg5+ Kxg5
35. gxh4+ Rxh4 36. h3 e3 37. Rf3 Rxc4 0-1

[Event "Laval op"]
[Site "Laval CAN"]
[Date "2018.06.24"]
[Round "5.9"]
[White "Nunez-Painchaud, Raphael"]
[Black "Chang, Alexander RZ"]
[Result "1-0"]
[WhiteElo "1907"]
[BlackElo "1567"]
[PlyCount "137"]
[EventDate "2018.06.22"]
[EventType "swiss"]
[EventRounds "5"]
[EventCountry "CAN"]

1. c4 e5 2. g3 Nf6 3. Bg2 d6 4. Nc3 Be7 5. Nf3 O-O 6. O-O c6 7. Rb1 Be6 8. d3
h6 9. b4 Nbd7 10. b5 Qc7 11. Ba3 Rab8 12. Qa4 Nb6 13. Qc2 Rfe8 14. Rfc1 a6 15.
bxc6 bxc6 16. Rb2 Nbd7 17. Rcb1 Rxb2 18. Qxb2 Rb8 19. Qc2 Rxb1+ 20. Qxb1 Bf8
21. Nd2 d5 22. Qb2 Qb6 23. Qxb6 Nxb6 24. Bxf8 Kxf8 25. cxd5 cxd5 26. Nb3 Ke7
27. e3 Kd6 28. d4 exd4 29. exd4 Nc4 30. Kf1 Nd7 31. Ke2 g5 32. h4 f6 33. Kd1
Ndb6 34. Nc5 Bc8 35. Bf3 g4 36. Bg2 f5 37. Nd3 Bb7 38. Nc5 Bc8 39. Nd3 Bb7 40.
Nf4 Bc6 41. Kc2 Na3+ 42. Kd1 Nac4 43. Bf1 Na4 44. Nxa4 Bxa4+ 45. Kc1 Bb5 46.
Bd3 Bd7 47. Ng2 Be6 48. Kc2 Bd7 49. Kc3 Be6 50. Nf4 Bc8 51. Bxc4 dxc4 52. Kxc4
Bd7 53. Kb4 Bb5 54. Ka5 Bc4 55. a3 Bf1 56. Kb6 Bb5 57. Kb7 Kd7 58. h5 Bc4 59.
a4 Bb3 60. a5 Bc4 61. Ng6 Bb5 62. Ne5+ Kd6 63. Nf7+ Ke6 64. Nxh6 Bc4 65. Kc6
Bb3 66. Kc5 Bc2 67. d5+ Kd7 68. Ng8 Ke8 69. h6 1-0

[Event "Laval op"]
[Site "Laval CAN"]
[Date "2018.06.24"]
[Round "5.10"]
[White "Couture, Jonathan"]
[Black "Page, Dany"]
[Result "1/2-1/2"]
[WhiteElo "1928"]
[BlackElo "1630"]
[PlyCount "65"]
[EventDate "2018.06.22"]
[EventType "swiss"]
[EventRounds "5"]
[EventCountry "CAN"]

1. e4 c5 2. b4 cxb4 3. a3 e6 4. axb4 Bxb4 5. c3 Be7 6. d4 Nf6 7. Bd3 d6 8. Ne2
b6 9. Nd2 Bb7 10. O-O Nbd7 11. Bb2 O-O 12. Ng3 e5 13. Nf5 Re8 14. Ba3 Qc7 15.
Nc4 Bf8 16. Ncxd6 g6 17. Qb3 Re6 18. Nb5 Qb8 19. Bc4 Rc6 20. Bxf7+ Kh8 21. Ne7
Bxe7 22. Bxe7 a6 23. dxe5 Qxe5 24. Bxf6+ Rxf6 25. Bd5 Nc5 26. Qb1 Bxd5 27. exd5
Rd8 28. Nd4 Qxd5 29. Re1 Rdf8 30. Ra2 Nd3 31. Rf1 Qc4 32. Rd2 Nf4 33. Qc2
1/2-1/2

[Event "Laval op"]
[Site "Laval CAN"]
[Date "2018.06.24"]
[Round "5.11"]
[White "Abbas, Talal"]
[Black "Joanis, Marc-Andre"]
[Result "1/2-1/2"]
[WhiteElo "1914"]
[BlackElo "1783"]
[PlyCount "66"]
[EventDate "2018.06.22"]
[EventType "swiss"]
[EventRounds "5"]
[EventCountry "CAN"]

1. e4 e5 2. Nf3 Nc6 3. Bc4 Nf6 4. d3 Be7 5. O-O O-O 6. c3 d6 7. h3 Na5 8. Bb5
a6 9. Ba4 b5 10. Bc2 c5 11. d4 Qc7 12. d5 Nc4 13. Nh2 Nd7 14. b3 Ncb6 15. f4
exf4 16. Bxf4 f6 17. Nd2 Ne5 18. Nhf3 Nbd7 19. Qe2 Nxf3+ 20. Nxf3 Ne5 21. Kh1
Bd7 22. Be3 a5 23. Nxe5 fxe5 24. Rxf8+ Rxf8 25. Bd3 b4 26. Bb5 Bxb5 27. Qxb5
Rb8 28. Qd3 Rf8 29. Kg1 h6 30. c4 Qd8 31. a3 Bg5 32. axb4 Bxe3+ 33. Qxe3 axb4
1/2-1/2

[Event "Laval op"]
[Site "Laval CAN"]
[Date "2018.06.24"]
[Round "5.12"]
[White "Steinberg, Ellis"]
[Black "Deschamps, Martin"]
[Result "1-0"]
[WhiteElo "1699"]
[BlackElo "1869"]
[PlyCount "81"]
[EventDate "2018.06.22"]
[EventType "swiss"]
[EventRounds "5"]
[EventCountry "CAN"]

1. e4 Nf6 2. d3 e5 3. Nf3 Nc6 4. c3 d5 5. Nbd2 Bg4 6. Qc2 Be7 7. g3 Qd7 8. Bg2
Rd8 9. h3 Bh5 10. b4 a6 11. a4 b5 12. axb5 axb5 13. Bb2 Bg6 14. O-O O-O 15.
Rfd1 Qc8 16. Nh4 d4 17. Nxg6 hxg6 18. Qb1 Qb7 19. Nf3 Qb6 20. Rc1 Nh5 21. cxd4
exd4 22. Qc2 Nxb4 23. Qxc7 Qxc7 24. Rxc7 Bd6 25. Rb7 Nxd3 26. Bxd4 b4 27. e5
Nc5 28. Rxb4 Be7 29. Ra7 Nd3 30. Rbb7 Bc5 31. Bxc5 Nxc5 32. Re7 Ne6 33. Bf1
Rde8 34. Bc4 Rxe7 35. Rxe7 Nc5 36. Ng5 Ne6 37. Nxf7 Nd4 38. Kg2 Nf5 39. Nd6+
Kh8 40. Nxf5 gxf5 41. Bf7 1-0

[Event "Laval op"]
[Site "Laval CAN"]
[Date "2018.06.24"]
[Round "5.13"]
[White "Tinica, Gabriel"]
[Black "Baran, Marius"]
[Result "1/2-1/2"]
[WhiteElo "1635"]
[BlackElo "1823"]
[PlyCount "31"]
[EventDate "2018.06.22"]
[EventType "swiss"]
[EventRounds "5"]
[EventCountry "CAN"]

1. d4 d5 2. Bf4 Bf5 3. e3 Nf6 4. Bd3 Bxd3 5. Qxd3 c6 6. c3 e6 7. Nf3 Bd6 8. Bg3
Bxg3 9. hxg3 h6 10. Nbd2 Nbd7 11. e4 dxe4 12. Nxe4 Qc7 13. Nxf6+ Nxf6 14. Ne5
O-O-O 15. O-O-O c5 16. Qc4 1/2-1/2

[Event "Laval op"]
[Site "Laval CAN"]
[Date "2018.06.24"]
[Round "5.15"]
[White "Gonzalez, Daniel"]
[Black "Gauthier, Luc"]
[Result "1-0"]
[WhiteElo "1833"]
[BlackElo "1581"]
[PlyCount "55"]
[EventDate "2018.06.22"]
[EventType "swiss"]
[EventRounds "5"]
[EventCountry "CAN"]

1. e4 Nf6 2. e5 Nd5 3. c4 Nb6 4. d4 d6 5. exd6 exd6 6. Nc3 Be7 7. Nf3 Bg4 8. b3
Bf6 9. Be3 Nc6 10. Be2 O-O 11. O-O d5 12. c5 Nc8 13. Ne1 Bxe2 14. Nxe2 N8e7 15.
Nc2 Nf5 16. b4 Nxe3 17. fxe3 Re8 18. Nf4 Ne7 19. Qf3 c6 20. Nh5 Ng6 21. Nxf6+
gxf6 22. Qxf6 Qxf6 23. Rxf6 Re6 24. Raf1 Rxf6 25. Rxf6 Re8 26. Rd6 Kg7 27. b5
Re6 28. bxc6 1-0